Datum a čas kvízu
34.5
Celkem bodů
Celkový počet nahraných bodů na tomto kvízu bez doplňovacích otázek.
4.
Pořadí na kvízu
Konečné umístění týmu na tomto kvízu.
Zaznamenané odpovědi
| # | Otázka | Odpověď | Body | Výsledky |
|---|---|---|---|---|
| 1. | V úterý byli do pražské zoo př... | (lední) medvědi | 1 | |
| 2. | Buckinghamský palác odhalil v... | D) motýl | 0 | |
| 3. | Minulý týden začal režisér Tom... | Tři princezny | 1 | |
| 4. | V ženevské pobočce aukční síně... | Michael Schumacher | 1 | |
| 5. | V sobotu se v Rijádu konal dlo... | Tyson Fury, Oleksandr Usyk | 1 | |
| 6. | Jména Mnata, Vojen či Vnislav... | A | 1 | |
| 7. | Podle pověsti prý zvony z kost... | ve čtvrtek (na Zelený čtvrtek) | 0 | |
| 8. | Přiřaďte k sobě dvojice hrdinů... | 1A 2B 3D 4C | 1 | |
| 9. | Václav Podbrdský byl kameník,... | A | 0 | |
| 10. | Pokud dokážete určit, co tento... | Stadice | 1 |